000 00744nam a22002297a 4500
003 DO-SdBNP
005 20180119133401.0
008 151125b 1984 nyu ||||| |||| 00| 0 spa d
020 _a0451522834
040 _aBPMSU
_bspa
_cBPMSU
082 _axxxx
_bxxxx
100 1 _aDickens, Charles
245 0 0 _aA Christmas carol :
_band Other Christmas Stories /
_cCharles Dickens.
260 _aNew York :
_bSignet Classic,
_c1984.
300 _a223 p. :
_bil. ;
_c18 cm.
490 1 _aSignet classic
505 0 _aA Christmas carol -- A Christmas tree -- A Christmas dinner -- A good-humoured Christmas.
830 0 _aSignet classic
942 _2ddc
_cBK
945 _aInventariado, 2018 / YL
956 _aLorenza Pérez
_b10
_cBPMSU
999 _c8915
_d8915